000 00640nam a2200217Ia 4500
003 GCL
008 140319s9999 xx 000 0 ara d
040 _aGCL /
_cGCL
082 0 4 _a791.43
_bا م
100 1 _aمانفل , روجر
245 1 0 _aالفيلم والجمهور /
_cمانفل , روجر
700 1 _aيوسف عمون
700 1 _aبرلنيى منصور(ترجمة)
300 _a198
490 _a100 قصة
_v0
650 0 4 _aالافلام السينمائية
650 0 4 _aالسينما
650 0 4 _aالاخراج السينمائى
650 0 4 _aالسينما والراى العام
942 _2ddc
_cBK
999 _c46431
_d46431